000 00795cam a2200241 4500
008 090401t1994 xxu||||| |||| 00| 0 eng d
020 _a0582037263
035 _a(Sirsi) u72336
041 _aeng
050 _a692.8
100 _aTurner, Dennis F
245 _aBuilding contracts: a practical guide
250 _a5th ed.
260 _aHarlow
_bLongman Scientific & Technical
_c1994
300 _axiv,597p. ; 24cm.
350 _a45
520 _aThe latest edition of a standard reference book, which provides a guide to the current editions of standard building contracts, sub-contracts and related documents.
650 _aBUILT ENVIRONMENT-BUILDING CONTRACT FORMS
650 _aJCT
690 _aBUILT ENVIRONMENT-BUILDING CONTRACT FORMS
942 _n0
948 _c04/03/1997
999 _c95499
_d95499